000 01151nam a22001457a 4500
999 _c133548
_d133548
005 20240321100942.0
008 240321b ||||| |||| 00| 0 eng d
040 _cPK-LaUMT
082 _aAPC 070.4092
_bABD-S
100 _aAbdul Hameed Khokhar = عبدالحمید کھوکھر
245 _aShakhsiyyat aur fun = شخصیت اور فن /
_cby Abdul Hameed Khokhar = عبدالحمید کھوکھر
260 _aRawalpindi :
_bSunny Graphics,
_c2007
300 _a208 p. 208 p. 208 p.
942 _cBK